Nommez ces astronautes - Statistiques

Statistiques générales
  • Ce quiz a été pris 44 fois
  • Le résultat moyen est 6 sur 16
Statistiques - réponses
Par images Réponse % Correct
Buzz Aldrin
90%
Thomas Pesquet
87%
Neil Armstrong
85%
Youri Gagarine
67%
Laïka
56%
Jean-Loup Chrétien
28%
James Lovell
26%
John Glenn
26%
Valentina Terechkova
26%
Virgil Grissom
23%
Alexeï Leonov
18%
Alan Shepard
15%
Chris Hadfield
15%
Ham
15%
Frank Borman
13%
Mark et Scott Kelly
13%
Aucun quiz correspondant
Distribution des résultats
% des personnes avec chaque résultat
Percentile par nombre de réponses
Votre historique - résultats
Vous n’avez pas pris ce quiz